000 00487nam a2200205Ia 4500
003 0100
008 130303s9999 xx 000 0 und d
040 _cARRUPELIB
050 _aBX830 1962.A7B35 1967
100 _aBea, Augustin
245 4 _aThe Word of God and mankind
260 _aChicago
260 _bFranciscan Herald Press
260 _C1967
300 _a318p.
300 _b 22cm
650 _bDepression, Mental
650 _cCognitive therapy
942 _2lcc
_01
999 _c58477
_d58477